00743cam a2200193 a 4500999001500000001000600015003000900021005001700030008004100047040003800088082002200126100001500148245013500163260004600298300002800344650003000372942001200402952013500414 c6715d671511680BD-DhUAP20210106120627.0200301s bg abf b f000 0 eng  aBD-DhUAPcBD-DhUAPdBD-DhUAPbEng a346.54022 GOP223 aGopal, C.  aQuestions & answers on contract-1 :bsections 1-75 of the Indian contract act, 1872 and the specific relief act, 1963 /cC. Gopal. aNew Delhi :bCentral law agency,c[...?]. avarious pages ;c18 cm. aContractszGreat Britain. 2ddccBK 00102ddc4070aUAPCLbUAPCLcGeneral Stacksd2021-01-06l1o346.54022 GOPp3010011680r2024-10-26s2024-10-15t1w2021-01-06yBK